[Event "EU-ch Rapid (Women)"]
[Site "Monaco"]
[Date "2024.01.13"]
[Round "1"]
[White "Batsiashvili, Nino"]
[Black "Nicoara, Malina"]
[Result "1-0"]
[WhiteElo "2451"]
[BlackElo "2054"]
[PlyCount "107"]
[EventDate "2024.01.13"]
[EventType "swiss (rapid)"]
[EventRounds "11"]
[EventCountry "MNC"]
[SourceTitle "CB03_2024"]
[SourceDate "2024.01.17"]
[SourceVersion "1"]
[SourceVersionDate "2024.01.17"]
[SourceQuality "1"]

1. d4 Nf6 2. c4 d6 3. Nc3 e5 4. Nf3 Nbd7 5. e4 c6 6. Be2 Be7 7. 0-0 0-0 8. Qc2 Qc7 9. Rd1 a6 10. a4 a5 11. b3 Re8 12. Bb2 Bf8 13. Ba3 exd4 14. Nxd4 Nc5 15. Bf3 g6 16. Re1 Bg4 17. h3 Bxf3 18. Nxf3 Nfd7 19. Rad1 Ne5 20. Nd4 Bh6 21. Bb2 Rad8 22. Nce2 Qe7 23. Bc3 Qc7 24. Ng3 Ne6 25. Nxe6 Rxe6 26. Ne2 Nd7 27. Nd4 Ree8 28. Nf3 Nc5 29. Nh2 Nd7 30. Ng4 Bg7 31. Qd2 Ne5 32. Bxa5 b6 33. Bc3 Nxg4 34. hxg4 Qc8 35. Bxg7 Kxg7 36. Qd4+ Kg8 37. Qxb6 Qxg4 38. Qxc6 Re6 39. c5 d5 40. Qc7 Rde8 41. f3 Qh4 42. Qh2 Qg5 43. Rxd5 Qxd5 44. exd5 Rxe1+ 45. Kf2 R1e2+ 46. Kg3 R8e5 47. Qh4 Rxd5 48. b4 Kg7 49. c6 h6 50. b5 Rdd2 51. Qh3 Re5 52. c7 Rg5+ 53. Kh2 Rc2 54. c8Q 1-0

[Event "FRA-chT Top 12 (Women) GpA"]
[Site "Cesson Sevigne"]
[Date "2021.08.26"]
[Round "1.2"]
[White "Nicoara, Malina"]
[Black "Thomas, Apolline"]
[Result "1/2-1/2"]
[WhiteElo "2066"]
[BlackElo "1954"]
[PlyCount "46"]
[EventDate "2021.08.26"]
[EventType "team-tourn"]
[EventRounds "3"]
[EventCountry "FRA"]
[SourceTitle "CBM 204 Extra"]
[Source "ChessBase"]
[SourceDate "2021.11.30"]
[SourceVersion "1"]
[SourceVersionDate "2021.11.30"]
[SourceQuality "1"]
[WhiteTeam "Asnieres (W)"]
[BlackTeam "Mulhouse Philidor (W)"]
[WhiteTeamCountry "FRA"]
[BlackTeamCountry "FRA"]

1. d4 d5 2. c4 c6 3. Nf3 Nf6 4. Nc3 dxc4 5. a4 Bf5 6. Bf4 e6 7. e3 Bb4 8. Bxc4 Ne4 9. Qb3 Qe7 10. h3 0-0 11. 0-0 a5 12. Rfd1 Na6 13. Rac1 Nc7 14. Nxe4 Bxe4 15. Ng5 Bg6 16. Nf3 Nd5 17. Bg3 Bh5 18. e4 Nb6 19. Be2 Rac8 20. Bh4 Qd6 21. Bg3 Qe7 22. Bh4 Qd6 23. Bg3 Qe7 1/2-1/2

[Event "EU-Cup Online Gr-C (Women)"]
[Site "Tornelo INT"]
[Date "2020.12.20"]
[Round "4.2"]
[White "Nicoara, Malina"]
[Black "Gretarsdottir, Lilja"]
[Result "1/2-1/2"]
[WhiteElo "2066"]
[BlackElo "1984"]
[PlyCount "108"]
[EventDate "2020.12.19"]
[EventType "team-tourn (rapid)"]
[EventRounds "7"]
[EventCountry "ISS"]
[SourceTitle "CBM 199 Extra"]
[Source "ChessBase"]
[SourceDate "2021.01.31"]
[SourceVersion "1"]
[SourceVersionDate "2021.01.31"]
[SourceQuality "1"]
[WhiteTeam "Asnieres (W)"]
[BlackTeam "Huginn (W)"]
[WhiteTeamCountry "FRA"]
[BlackTeamCountry "ISL"]

1. d4 d5 2. c4 c6 3. Nf3 Nf6 4. Nc3 dxc4 5. e3 Bf5 6. Bxc4 e6 7. 0-0 Bb4 8. a4 0-0 9. Qe2 Bg6 10. Ne5 Bh5 11. f3 Nbd7 12. Nd3 Ba5 13. Rd1 Rc8 14. b4 Bc7 15. Ba3 Re8 16. Nf4 Bxf4 17. exf4 Nb6 18. Bb3 Nbd5 19. Nxd5 Nxd5 20. Bxd5 exd5 21. Qd2 Qf6 22. Re1 h6 23. Re5 Rxe5 24. fxe5 Qh4 25. Rf1 Re8 26. g3 Qh3 27. Qg2 Qxg2+ 28. Kxg2 Bg6 29. Rc1 a6 30. Kf2 Bd3 31. Ke3 Bc4 32. Bb2 Kh7 33. h4 g5 34. hxg5 hxg5 35. Rh1+ Kg6 36. f4 Bb3 37. a5 Re7 38. Bc3 f6 39. g4 f5 40. gxf5+ Kxf5 41. Rh5 Rg7 42. fxg5 Rxg5 43. Rxg5+ Kxg5 44. Be1 Kf5 45. Bh4 Bc4 46. Be7 Bb5 47. Bc5 Ba4 48. Bb6 Bc2 49. Bc7 Bb1 50. Bd6 Bc2 51. Bc7 Be4 52. Bd6 Bc2 53. Bc5 Be4 54. Bd6 Bc2 1/2-1/2

[Event "EU-Cup Online Gr-C (Women)"]
[Site "Tornelo INT"]
[Date "2020.12.19"]
[Round "3.4"]
[White "Kurapova, Olga"]
[Black "Nicoara, Malina"]
[Result "1/2-1/2"]
[WhiteElo "1927"]
[BlackElo "2066"]
[PlyCount "110"]
[EventDate "2020.12.19"]
[EventType "team-tourn (rapid)"]
[EventRounds "7"]
[EventCountry "ISS"]
[SourceTitle "CBM 199 Extra"]
[Source "ChessBase"]
[SourceDate "2021.01.31"]
[SourceVersion "1"]
[SourceVersionDate "2021.01.31"]
[SourceQuality "1"]
[WhiteTeam "Gonzen (W)"]
[BlackTeam "Asnieres (W)"]
[WhiteTeamCountry "SUI"]
[BlackTeamCountry "FRA"]

1. e4 Nf6 2. e5 Nd5 3. d4 d6 4. exd6 cxd6 5. c4 Nb6 6. Nc3 g6 7. Be3 Bg7 8. Rc1 Nc6 9. Be2 0-0 10. h4 d5 11. c5 Nc4 12. Bxc4 dxc4 13. Nge2 Bg4 14. f3 Bf5 15. Ne4 Bxe4 16. fxe4 Qa5+ 17. Nc3 Rad8 18. d5 Ne5 19. 0-0 Nd3 20. Rc2 Nxc5 21. Qe2 Nd3 22. h5 b5 23. a3 a6 24. Nd1 Rc8 25. Nf2 Nxf2 26. Qxf2 Qc7 27. Bd4 Bxd4 28. Qxd4 Qc5 29. Qxc5 Rxc5 30. hxg6 hxg6 31. b3 Rd8 32. Rfc1 Rdc8 33. Kf2 Kf8 34. Ke3 e5 35. dxe6 fxe6 36. bxc4 bxc4 37. Kd4 Ra5 38. Rxc4 Rxc4+ 39. Rxc4 Rxa3 40. Ke5 Ra2 41. Kxe6 Rxg2 42. Ra4 Kg7 43. Rxa6 Re2 44. e5 Re1 45. Kd6 g5 46. e6 Kf6 47. Kd7 g4 48. Rd6 g3 49. Rd3 g2 50. Rf3+ Ke5 51. e7 Rd1+ 52. Kc6 Rc1+ 53. Kd7 Rd1+ 54. Kc6 Rc1+ 55. Kd7 Rd1+ 1/2-1/2

[Event "FRA-chT Top 12 (Women) GpA"]
[Site "Mulhouse"]
[Date "2017.05.07"]
[Round "3.3"]
[White "Daulyte Cornette, Deimante"]
[Black "Nicoara, Malina"]
[Result "1-0"]
[WhiteElo "2416"]
[BlackElo "2099"]
[PlyCount "69"]
[EventDate "2017.05.05"]
[EventType "team-tourn"]
[EventRounds "5"]
[EventCountry "FRA"]
[SourceTitle "CBM 178 Extra"]
[Source "ChessBase"]
[SourceDate "2017.06.22"]
[SourceVersion "1"]
[SourceVersionDate "2017.06.22"]
[SourceQuality "1"]
[WhiteTeam "Monaco (W)"]
[BlackTeam "Strasbourg (W)"]
[WhiteTeamCountry "MNC"]
[BlackTeamCountry "FRA"]

1. e4 Nf6 2. e5 Nd5 3. d4 d6 4. c4 Nb6 5. exd6 cxd6 6. Nc3 g6 7. h3 Bg7 8. Nf3 0-0 9. Be2 Nc6 10. 0-0 Bf5 11. Bg5 h6 12. Be3 d5 13. c5 Nc4 14. Bc1 b6 15. b3 N4a5 16. cxb6 axb6 17. Bf4 g5 18. Bg3 g4 19. hxg4 Bxg4 20. Nb5 Rc8 21. Rc1 Bxf3 22. Bxf3 Nxd4 23. Nxd4 Rxc1 24. Qxc1 Bxd4 25. Rd1 Bg7 26. Bxd5 Qc8 27. Qc7 Qf5 28. Qxe7 Qc2 29. Qe1 Qxa2 30. Bd6 Rc8 31. Bxf7+ Kh8 32. Qe6 Qc2 33. Re1 Qc3 34. Re3 Qc1+ 35. Kh2 1-0

[Event "FRA-chT Top 12 (Women) GpA"]
[Site "Mulhouse"]
[Date "2017.05.07"]
[Round "4.2"]
[White "Nicoara, Malina"]
[Black "Leconte, Maria"]
[Result "1/2-1/2"]
[WhiteElo "2099"]
[BlackElo "2174"]
[PlyCount "131"]
[EventDate "2017.05.05"]
[EventType "team-tourn"]
[EventRounds "5"]
[EventCountry "FRA"]
[SourceTitle "CBM 178 Extra"]
[Source "ChessBase"]
[SourceDate "2017.06.22"]
[SourceVersion "1"]
[SourceVersionDate "2017.06.22"]
[SourceQuality "1"]
[WhiteTeam "Strasbourg (W)"]
[BlackTeam "Saint Quentin (W)"]
[WhiteTeamCountry "FRA"]
[BlackTeamCountry "FRA"]

1. d4 e6 2. c4 f5 3. g3 Nf6 4. Bg2 Be7 5. Nf3 0-0 6. 0-0 d6 7. b3 Na6 8. Bb2 c5 9. e3 Ne4 10. Nfd2 Nxd2 11. Nxd2 Bf6 12. f4 Rb8 13. Qe2 Bd7 14. Rfd1 b5 15. Rac1 bxc4 16. Nxc4 d5 17. Ne5 Bb5 18. Qc2 Bxe5 19. dxe5 Nb4 20. Qb1 Qb6 21. a3 Na6 22. Qa1 Ba4 23. Rd2 Bxb3 24. Bf1 c4 25. Bd4 Nc5 26. Rb2 Rfc8 27. g4 fxg4 28. Rg2 Ba4 29. Rxg4 Qc7 30. Qa2 Nb3 31. Rc3 Nxd4 32. exd4 Rb3 33. Rgg3 Rcb8 34. Qg2 Rxc3 35. Rxc3 Qb6 36. Qf2 Qb2 37. Qe3 Qb1 38. Qh3 Bd7 39. Qh4 Qe4 40. Qf2 Rb1 41. Rh3 Be8 42. f5 exf5 43. Rh4 Qd3 44. Kg2 Rxf1 45. Qxf1 Qxf1+ 46. Kxf1 h5 47. Rf4 Bd7 48. h4 g6 49. Rf3 Kf7 50. Kf2 g5 51. hxg5 Kg6 52. Rg3 f4 53. Rg1 Bg4 54. Re1 c3 55. Rc1 h4 56. Rxc3 h3 57. Rc1 Kxg5 58. Rg1 Kh4 59. Rxg4+ Kxg4 60. e6 f3 61. e7 h2 62. e8Q h1Q 63. Qe6+ Kf4 64. Qe5+ Kg4 65. Qe6+ Kf4 66. Qe5+ 1/2-1/2

[Event "FRA-chT Top 12 (Women) GpA"]
[Site "Mulhouse"]
[Date "2017.05.05"]
[Round "1.3"]
[White "Javakhishvili, Lela"]
[Black "Nicoara, Malina"]
[Result "1-0"]
[WhiteElo "2457"]
[BlackElo "2099"]
[PlyCount "85"]
[EventDate "2017.05.05"]
[EventType "team-tourn"]
[EventRounds "5"]
[EventCountry "FRA"]
[SourceTitle "CBM 178 Extra"]
[Source "ChessBase"]
[SourceDate "2017.06.22"]
[SourceVersion "1"]
[SourceVersionDate "2017.06.22"]
[SourceQuality "1"]
[WhiteTeam "Bischwiller (W)"]
[BlackTeam "Strasbourg (W)"]
[WhiteTeamCountry "FRA"]
[BlackTeamCountry "FRA"]

1. d4 Nf6 2. Nf3 d6 3. g3 g6 4. Bg2 Bg7 5. 0-0 0-0 6. c4 c6 7. b3 Nbd7 8. Bb2 Qc7 9. Nc3 e5 10. Rc1 Re8 11. d5 a6 12. dxc6 bxc6 13. Nd2 Rd8 14. b4 Bb7 15. Nb3 Rab8 16. Na5 Ba8 17. a3 Nb6 18. e3 Bf8 19. Qe2 Ne8 20. g4 Ng7 21. Ne4 Nd7 22. f4 c5 23. Bc3 f5 24. Ng3 fxg4 25. Qxg4 cxb4 26. axb4 Be7 27. Qd1 Rf8 28. Bxa8 Rxa8 29. Qd5+ Kh8 30. fxe5 Nb6 31. Qc6 Qxc6 32. Nxc6 Bg5 33. Bd4 Rxf1+ 34. Kxf1 Rc8 35. b5 axb5 36. cxb5 Nd5 37. exd6 Nxe3+ 38. Kg1 Nd5 39. Rf1 Kg8 40. Ne4 Bh4 41. d7 Ra8 42. Nf6+ Nxf6 43. Bxf6 1-0

[Event "FRA-ch rapid (Women)"]
[Site "Monteux"]
[Date "2016.06.11"]
[Round "4"]
[White "Giau, S."]
[Black "Nicoara, Malina"]
[Result "1/2-1/2"]
[WhiteElo "1907"]
[BlackElo "2088"]
[PlyCount "99"]
[EventDate "2016.06.11"]
[EventType "swiss (rapid)"]
[EventRounds "9"]
[EventCountry "FRA"]
[SourceTitle "CBM 173 Extra"]
[Source "ChessBase"]
[SourceDate "2016.08.29"]
[SourceVersion "1"]
[SourceVersionDate "2016.08.29"]
[SourceQuality "1"]

1. e4 Nf6 2. Nc3 d5 3. exd5 Nxd5 4. Bc4 Nb6 5. Bb3 Nc6 6. Nge2 Bf5 7. 0-0 e6 8. d3 Be7 9. Ng3 Bg6 10. Re1 0-0 11. Nge4 Nd4 12. Be3 Nxb3 13. axb3 Nd5 14. Nxd5 Qxd5 15. Nc3 Qd7 16. Qf3 c5 17. Ne4 b6 18. Bd2 a5 19. Bc3 Rad8 20. Nd2 Qd5 21. Qe2 Qc6 22. Nc4 Rd7 23. Ne5 Qb7 24. Nxd7 Qxd7 25. Qg4 Qc6 26. Re3 Bd6 27. Rae1 Qc7 28. h4 h5 29. Qf3 Qe7 30. g3 Qd7 31. Qe2 Rd8 32. Kg2 Be7 33. Qf3 Rc8 34. Kg1 Bd8 35. Be5 Be7 36. Qf4 f6 37. Bc3 e5 38. Qf3 Bf8 39. Kh2 Bf7 40. Qg2 Bd5 41. Qh3 Be6 42. Qg2 Bg4 43. Qe4 Bf5 44. Qg2 Rd8 45. Qf3 Bd6 46. Qd5+ Be6 47. Qf3 Bb8 48. Qg2 Bg4 49. Qe4 Bf5 50. Qf3 1/2-1/2

[Event "FRA-chT Top 12"]
[Site "Drancy"]
[Date "2016.06.06"]
[Round "10.8"]
[White "Nicoara, Malina"]
[Black "Leconte, Maria"]
[Result "1/2-1/2"]
[WhiteElo "2088"]
[BlackElo "2217"]
[PlyCount "104"]
[EventDate "2016.05.28"]
[EventType "team-tourn"]
[EventRounds "11"]
[EventCountry "FRA"]
[SourceTitle "CBM 172 Extra"]
[Source "ChessBase"]
[SourceDate "2016.06.21"]
[SourceVersion "1"]
[SourceVersionDate "2016.06.21"]
[SourceQuality "1"]
[WhiteTeam "Strasbourg"]
[BlackTeam "Saint Quentin"]
[WhiteTeamCountry "FRA"]
[BlackTeamCountry "FRA"]

1. d4 Nf6 2. c4 e6 3. g3 d5 4. Bg2 c6 5. Nf3 Be7 6. 0-0 0-0 7. Qc2 b6 8. cxd5 cxd5 9. Bf4 Ba6 10. Rc1 Nbd7 11. Nc3 Nh5 12. Bd2 b5 13. a3 Rc8 14. Qd1 Nhf6 15. Na2 Qb6 16. Bb4 Bxb4 17. Nxb4 Ne4 18. e3 Bb7 19. Nd3 a5 20. b4 axb4 21. axb4 Rc4 22. Bf1 Rd8 23. Qe1 Ndf6 24. Nfe5 Rxc1 25. Qxc1 h5 26. h4 Rc8 27. Nc5 Nd6 28. Be2 Nc4 29. Ned3 g6 30. f3 Bc6 31. Bd1 Qc7 32. f4 Ne4 33. Nxe4 dxe4 34. Nc5 Bd5 35. Be2 Nd6 36. Kf2 Bc4 37. Ra6 Bxe2 38. Kxe2 Nf5 39. Kf2 Qd8 40. Qb1 Qd5 41. Nxe4 Kg7 42. Ra7 Nh6 43. Kg1 Ng4 44. Ng5 Nh6 45. Qa1 Rc2 46. e4 Rc1+ 47. Qxc1 Qxd4+ 48. Kg2 Qxa7 49. Qc3+ Kg8 50. Qc8+ Kg7 51. Qc3+ Kg8 52. Qc8+ Kg7 1/2-1/2

[Event "FRA-chT Top 12"]
[Site "Drancy"]
[Date "2016.05.30"]
[Round "3.6"]
[White "Alexieva, Silvia"]
[Black "Nicoara, Malina"]
[Result "1-0"]
[WhiteElo "2308"]
[BlackElo "2088"]
[PlyCount "89"]
[EventDate "2016.05.28"]
[EventType "team-tourn"]
[EventRounds "11"]
[EventCountry "FRA"]
[SourceTitle "CBM 172 Extra"]
[Source "ChessBase"]
[SourceDate "2016.06.21"]
[SourceVersion "1"]
[SourceVersionDate "2016.06.21"]
[SourceQuality "1"]
[WhiteTeam "Nice Alekhine"]
[BlackTeam "Strasbourg"]
[WhiteTeamCountry "FRA"]
[BlackTeamCountry "FRA"]

1. e4 c5 2. Nf3 Nc6 3. d4 cxd4 4. Nxd4 g6 5. c4 Bg7 6. Be3 Nf6 7. Nc3 d6 8. Be2 0-0 9. 0-0 Bd7 10. Qd2 Nxd4 11. Bxd4 Bc6 12. f3 a5 13. b3 Nd7 14. Be3 Nc5 15. Rab1 Qb6 16. Rfc1 Rfc8 17. Rc2 Qd8 18. Bf1 h5 19. a3 Kh7 20. b4 axb4 21. axb4 Ne6 22. Nd5 Ra3 23. Bf2 Rca8 24. Nb6 Ra1 25. Rxa1 Rxa1 26. b5 Be8 27. g3 Ra3 28. Kg2 Bh6 29. f4 Ra1 30. Be2 h4 31. c5 Rb1 32. cxd6 Qxd6 33. Qxd6 exd6 34. Nd5 Bxb5 35. Bxb5 Rxb5 36. Nf6+ Kg7 37. Ne8+ Kf8 38. Nxd6 Rb3 39. f5 hxg3 40. hxg3 gxf5 41. exf5 Ng5 42. Rc7 Rd3 43. Bc5 Rd2+ 44. Kf1 Nf3 45. Ne4+ 1-0

[Event "FRA-chT Top 12"]
[Site "Drancy"]
[Date "2016.05.29"]
[Round "2.5"]
[White "Nicoara, Malina"]
[Black "Skripchenko, Almira"]
[Result "1/2-1/2"]
[WhiteElo "2088"]
[BlackElo "2453"]
[PlyCount "124"]
[EventDate "2016.05.28"]
[EventType "team-tourn"]
[EventRounds "11"]
[EventCountry "FRA"]
[SourceTitle "CBM 172 Extra"]
[Source "ChessBase"]
[SourceDate "2016.06.21"]
[SourceVersion "1"]
[SourceVersionDate "2016.06.21"]
[SourceQuality "1"]
[WhiteTeam "Strasbourg"]
[BlackTeam "Clichy Echecs 92"]
[WhiteTeamCountry "FRA"]
[BlackTeamCountry "FRA"]

1. d4 d6 2. Nf3 g6 3. e4 Bg7 4. Be2 Nd7 5. 0-0 e5 6. dxe5 dxe5 7. b3 Ngf6 8. Nc3 0-0 9. a4 Nh5 10. Ba3 Re8 11. Re1 Nf4 12. Bc4 c6 13. g3 Ne6 14. Qd2 Qf6 15. Kg2 Nb6 16. Be2 Rd8 17. Qc1 a5 18. Rd1 Nd4 19. Ng1 Be6 20. Qb2 Nd7 21. f3 h5 22. h4 Bh6 23. Bc4 Bxc4 24. bxc4 b6 25. Nce2 Qe6 26. c3 Nxe2 27. Qxe2 Bf8 28. Bxf8 Nxf8 29. Rab1 Rxd1 30. Rxd1 Kg7 31. Rb1 Nd7 32. Nh3 Rb8 33. Nf2 Nc5 34. Qa2 f5 35. exf5 Qxf5 36. Re1 Rd8 37. Re3 Rd6 38. Qe2 Re6 39. Qd1 Qf8 40. Ne4 Nxe4 41. Rxe4 Qe8 42. Qe2 Kf7 43. c5 b5 44. Qa2 bxa4 45. Rxe5 Kf6 46. Rxe6+ Qxe6 47. Qxa4 Qe2+ 48. Kg1 Qe3+ 49. Kg2 Qxc5 50. c4 Ke6 51. Qc2 Qf5 52. Qd1 Qe5 53. Qc2 Kd7 54. c5 Qd4 55. Qxg6 a4 56. Qxh5 Qd2+ 57. Kg1 a3 58. Qf7+ Kd8 59. Qf8+ Kc7 60. Qf7+ Kc8 61. Qg8+ Kc7 62. Qf7+ Kc8 1/2-1/2

[Event "FRA-chT Top 12"]
[Site "Haguenau"]
[Date "2013.06.09"]
[Round "11.8"]
[White "Milliet, Sophie"]
[Black "Nicoara, Malina"]
[Result "1-0"]
[WhiteElo "2391"]
[BlackElo "2117"]
[PlyCount "51"]
[EventDate "2013.05.30"]
[EventType "team-tourn"]
[EventRounds "11"]
[EventCountry "FRA"]
[SourceTitle "CBM 154 Extra"]
[Source "ChessBase"]
[SourceDate "2013.06.25"]
[SourceVersion "2"]
[SourceVersionDate "2013.06.25"]
[SourceQuality "1"]
[WhiteTeam "Evry Grand Roque"]
[BlackTeam "Strasbourg"]
[WhiteTeamCountry "FRA"]
[BlackTeamCountry "FRA"]

1. e4 c5 2. Nf3 Nc6 3. Nc3 g6 4. d4 cxd4 5. Nxd4 Bg7 6. Be3 Nf6 7. Bc4 0-0 8. Bb3 e6 9. 0-0 d5 10. exd5 Nxd5 11. Nxd5 exd5 12. Nxc6 bxc6 13. c3 Bf5 14. Qd2 Qa5 15. Rfe1 Rfe8 16. f3 Bf8 17. Kh1 Red8 18. Bg5 Rd7 19. Rad1 d4 20. Qf4 c5 21. g4 Bd6 22. Qd2 c4 23. Bxc4 Bxg4 24. fxg4 dxc3 25. bxc3 Rc8 26. Bh6 1-0

[Event "FRA-chT Top 12"]
[Site "Haguenau"]
[Date "2013.06.08"]
[Round "10.7"]
[White "Shoker, Samy"]
[Black "Nicoara, Malina"]
[Result "1-0"]
[WhiteElo "2469"]
[BlackElo "2117"]
[PlyCount "81"]
[EventDate "2013.05.30"]
[EventType "team-tourn"]
[EventRounds "11"]
[EventCountry "FRA"]
[SourceTitle "CBM 154 Extra"]
[Source "ChessBase"]
[SourceDate "2013.06.25"]
[SourceVersion "2"]
[SourceVersionDate "2013.06.25"]
[SourceQuality "1"]
[WhiteTeam "Mulhouse Philidor"]
[BlackTeam "Strasbourg"]
[WhiteTeamCountry "FRA"]
[BlackTeamCountry "FRA"]

1. Nf3 g6 2. g3 Bg7 3. Bg2 d6 4. c4 e5 5. Nc3 Ne7 6. 0-0 c5 7. a3 Nbc6 8. Rb1 0-0 9. d3 Rb8 10. b4 b6 11. e3 h6 12. Bd2 Be6 13. Qa4 Qd7 14. Rfd1 Rfd8 15. Ne1 Rbc8 16. Nd5 Kh7 17. Nc2 Nb8 18. b5 Bxd5 19. cxd5 a5 20. e4 Rf8 21. Ne3 Rce8 22. Nc4 Nc8 23. Qc2 Qd8 24. Rf1 f5 25. f4 exf4 26. gxf4 Bd4+ 27. Kh1 Qf6 28. Rbe1 Nd7 29. Qd1 Rg8 30. a4 Re7 31. Qf3 Rge8 32. Bh3 Qf7 33. Re2 Kh8 34. Rfe1 fxe4 35. dxe4 Ne5 36. Nxe5 dxe5 37. Be6 Qf8 38. Qg4 Kh7 39. Rg2 Rg7 40. fxe5 Rxe6 41. Qxe6 1-0

[Event "FRA-chT Top 12 (Women) GpA"]
[Site "Bennwihr"]
[Date "2011.02.13"]
[Round "4.1"]
[White "Kientzler, Isabelle"]
[Black "Nicoara, Malina"]
[Result "1/2-1/2"]
[WhiteElo "2030"]
[BlackElo "2118"]
[PlyCount "37"]
[EventDate "2011.02.11"]
[EventType "team-tourn"]
[EventRounds "5"]
[EventCountry "FRA"]
[SourceTitle "EXT 2012"]
[Source "ChessBase"]
[SourceDate "2011.11.24"]
[SourceVersion "1"]
[SourceVersionDate "2011.11.24"]
[SourceQuality "1"]
[WhiteTeam "Bennwihr (W)"]
[BlackTeam "Strasbourg (W)"]
[WhiteTeamCountry "FRA"]
[BlackTeamCountry "FRA"]

1. c4 e5 2. Nc3 Nc6 3. g3 g6 4. Bg2 Bg7 5. d3 d6 6. Nf3 Nf6 7. 0-0 0-0 8. Rb1 a5 9. a3 h6 10. Bd2 Be6 11. Qa4 Qd7 12. Rfc1 Bh3 13. Bh1 Ne8 14. b4 Nf6 15. bxa5 Rxa5 16. Qb3 Ra7 17. Nb5 Ra6 18. Nc3 Ra7 19. Nb5 1/2-1/2

[Event "FRA-chT Top 12 (Women) GpA"]
[Site "Bennwihr"]
[Date "2011.02.12"]
[Round "3.1"]
[White "Nicoara, Malina"]
[Black "Cosma, Elena Luminita"]
[Result "0-1"]
[WhiteElo "2118"]
[BlackElo "2342"]
[PlyCount "80"]
[EventDate "2011.02.11"]
[EventType "team-tourn"]
[EventRounds "5"]
[EventCountry "FRA"]
[SourceTitle "EXT 2012"]
[Source "ChessBase"]
[SourceDate "2011.11.24"]
[SourceVersion "1"]
[SourceVersionDate "2011.11.24"]
[SourceQuality "1"]
[WhiteTeam "Strasbourg (W)"]
[BlackTeam "Tours de Haute Picardie (W)"]
[WhiteTeamCountry "FRA"]
[BlackTeamCountry "FRA"]

1. d4 d5 2. c4 c6 3. Nf3 e6 4. e3 Nf6 5. Bd3 dxc4 6. Bxc4 Nbd7 7. 0-0 b5 8. Bd3 Bb7 9. e4 a6 10. a4 Be7 11. e5 Nd5 12. Nc3 Nxc3 13. bxc3 Nb6 14. axb5 cxb5 15. Qe2 Rc8 16. Bd2 Qd5 17. Rfd1 h6 18. Ne1 g6 19. Qg4 h5 20. Qe2 Nc4 21. f3 Qd7 22. Bc1 h4 23. Be4 h3 24. g3 Nb6 25. Qd3 Na4 26. Rxa4 bxa4 27. Bb2 Bxe4 28. Qxe4 a3 29. Ba1 Qc6 30. Qe2 Qc4 31. Qd2 Qc6 32. Qe2 Kf8 33. Nd3 Kg7 34. Nf2 Qc4 35. Qe3 Rcd8 36. Ne4 Qa2 37. Nf2 Rb8 38. Qd3 Rb5 39. c4 Rb3 40. Qe4 Rhb8 0-1

[Event "FRA-chT Top 16 Gp Basse"]
[Site "Guingamp"]
[Date "2010.06.04"]
[Round "9.8"]
[White "Canonne, Antoine"]
[Black "Nicoara, Malina"]
[Result "1-0"]
[WhiteElo "2020"]
[BlackElo "2149"]
[PlyCount "81"]
[EventDate "2010.06.03"]
[EventType "team-tourn"]
[EventRounds "11"]
[EventCountry "FRA"]
[SourceTitle "EXT 2011"]
[Source "ChessBase"]
[SourceDate "2010.11.26"]
[SourceVersion "1"]
[SourceVersionDate "2010.11.26"]
[SourceQuality "1"]
[WhiteTeam "Deauville"]
[BlackTeam "Strasbourg"]
[WhiteTeamCountry "FRA"]
[BlackTeamCountry "FRA"]

1. e4 c5 2. Nc3 Nc6 3. f4 g6 4. Nf3 Bg7 5. Bb5 d6 6. 0-0 Bd7 7. d3 a6 8. Bxc6 Bxc6 9. Qe1 Qd7 10. Bd2 b5 11. Rb1 Nh6 12. Nd1 0-0 13. Nf2 f6 14. Nh4 e6 15. h3 Rae8 16. g4 f5 17. Bc3 e5 18. fxe5 dxe5 19. gxf5 gxf5 20. Kh2 f4 21. Nf3 Kh8 22. Rg1 b4 23. Bd2 Bf6 24. a3 a5 25. axb4 axb4 26. c3 bxc3 27. Bxc3 Qe6 28. Qe2 Rg8 29. Rxg8+ Rxg8 30. Rg1 Rxg1 31. Nxg1 Bh4 32. Ng4 Bg3+ 33. Kg2 Nf5 34. Bxe5+ Kg8 35. Nf3 Ne7 36. Nf6+ Kf8 37. Nxh7+ Ke8 38. Nf6+ Kd8 39. Qd2 Ng6 40. Qa5+ Ke7 41. Qxc5+ 1-0

[Event "FRA-chT Top 16 GpB"]
[Site "France"]
[Date "2010.03.27"]
[Round "2"]
[White "Leconte, Maria"]
[Black "Nicoara, Malina"]
[Result "1-0"]
[WhiteElo "2330"]
[BlackElo "2151"]
[PlyCount "61"]
[EventDate "2010.03.26"]
[EventType "team-tourn"]
[EventRounds "7"]
[EventCountry "FRA"]
[SourceTitle "CBM 135 Extra"]
[Source "ChessBase"]
[SourceDate "2010.05.04"]
[SourceVersion "1"]
[SourceVersionDate "2010.05.04"]
[SourceQuality "1"]

1. e4 g6 2. d4 Bg7 3. Nc3 c6 4. h3 d6 5. Nf3 b5 6. Bd3 Nd7 7. Be3 Qc7 8. 0-0 Ngf6 9. Qd2 0-0 10. Bh6 e5 11. Ne2 a6 12. c3 Re8 13. Bxg7 Kxg7 14. Ng3 Nf8 15. a4 Bd7 16. axb5 axb5 17. Rxa8 Rxa8 18. dxe5 dxe5 19. Qg5 Re8 20. Nh4 Ng8 21. Ra1 Ne6 22. Qe3 Nf4 23. Ra7 Qd6 24. Bf1 h6 25. Nf3 Be6 26. Qb6 Nf6 27. Bxb5 Qd1+ 28. Bf1 Nxh3+ 29. gxh3 Qxf3 30. Qxc6 Rd8 31. Qxe6 1-0